<?xml version="1.0" encoding="UTF-8"?>
<marc:record xmlns:marc="http://www.loc.gov/MARC21/slim" type="Bibliographic">
   <marc:leader>00000pim a2200000 c 4500</marc:leader>
   <marc:controlfield tag="001">1011796260</marc:controlfield>
   <marc:controlfield tag="003">DE-101</marc:controlfield>
   <marc:controlfield tag="005">20171202200707.0</marc:controlfield>
   <marc:controlfield tag="007">sd||||||||||||</marc:controlfield>
   <marc:controlfield tag="007">co||||||||||||</marc:controlfield>
   <marc:controlfield tag="008">110513s2011    gw |||||q|||||||||||ger  </marc:controlfield>
   <marc:datafield ind1=" " ind2=" " tag="015">
      <marc:subfield code="a">11,A43</marc:subfield>
      <marc:subfield code="z">11,N21</marc:subfield>
      <marc:subfield code="2">dnb</marc:subfield>
   </marc:datafield>
   <marc:datafield ind1="7" ind2=" " tag="016">
      <marc:subfield code="2">DE-101</marc:subfield>
      <marc:subfield code="a">1011796260</marc:subfield>
   </marc:datafield>
   <marc:datafield ind1=" " ind2=" " tag="020">
      <marc:subfield code="a">9783839890707</marc:subfield>
      <marc:subfield code="c">: EUR 12.95 (DE) (freier Pr.), sfr 21.50 (freier Pr.)</marc:subfield>
      <marc:subfield code="9">978-3-8398-9070-7</marc:subfield>
   </marc:datafield>
   <marc:datafield ind1=" " ind2=" " tag="020">
      <marc:subfield code="a">3839890705</marc:subfield>
      <marc:subfield code="9">3-8398-9070-5</marc:subfield>
   </marc:datafield>
   <marc:datafield ind1="3" ind2=" " tag="024">
      <marc:subfield code="a">9783839890707</marc:subfield>
   </marc:datafield>
   <marc:datafield ind1=" " ind2=" " tag="035">
      <marc:subfield code="a">(DE-599)DNB1011796260</marc:subfield>
   </marc:datafield>
   <marc:datafield ind1=" " ind2=" " tag="035">
      <marc:subfield code="a">(OCoLC)759532334</marc:subfield>
   </marc:datafield>
   <marc:datafield ind1=" " ind2=" " tag="040">
      <marc:subfield code="a">1145</marc:subfield>
      <marc:subfield code="b">ger</marc:subfield>
      <marc:subfield code="c">DE-101</marc:subfield>
      <marc:subfield code="d">9999</marc:subfield>
   </marc:datafield>
   <marc:datafield ind1=" " ind2=" " tag="041">
      <marc:subfield code="a">ger</marc:subfield>
      <marc:subfield code="h">eng</marc:subfield>
   </marc:datafield>
   <marc:datafield ind1=" " ind2=" " tag="044">
      <marc:subfield code="c">XA-DE-BE</marc:subfield>
   </marc:datafield>
   <marc:datafield ind1="7" ind2="4" tag="082">
      <marc:subfield code="a">820</marc:subfield>
      <marc:subfield code="a">B</marc:subfield>
      <marc:subfield code="q">DE-101</marc:subfield>
      <marc:subfield code="2">22sdnb</marc:subfield>
   </marc:datafield>
   <marc:datafield ind1="0" ind2="0" tag="245">
      <marc:subfield code="a">Josefine Preuß liest Cecelia Ahern, Ich schreib dir morgen wieder</marc:subfield>
      <marc:subfield code="c">aus dem Engl. von Christine Strüh. Bearb. &amp; Regie: Vera Teichmann</marc:subfield>
   </marc:datafield>
   <marc:datafield ind1="3" ind2=" " tag="246">
      <marc:subfield code="a">Ich schreib dir morgen wieder</marc:subfield>
   </marc:datafield>
   <marc:datafield ind1=" " ind2=" " tag="250">
      <marc:subfield code="a">Autoris. Lesefassung</marc:subfield>
   </marc:datafield>
   <marc:datafield ind1=" " ind2=" " tag="259">
      <marc:subfield code="a">aul</marc:subfield>
   </marc:datafield>
   <marc:datafield ind1=" " ind2="1" tag="264">
      <marc:subfield code="a">Berlin</marc:subfield>
      <marc:subfield code="b">Argon-Verl.</marc:subfield>
      <marc:subfield code="c">2011</marc:subfield>
   </marc:datafield>
   <marc:datafield ind1=" " ind2=" " tag="300">
      <marc:subfield code="a">5 CDs (322 Min.)</marc:subfield>
      <marc:subfield code="c">12 cm, in Behältnis 13 x 15 x 3 cm</marc:subfield>
   </marc:datafield>
   <marc:datafield ind1=" " ind2=" " tag="336">
      <marc:subfield code="a">gesprochenes Wort</marc:subfield>
      <marc:subfield code="b">spw</marc:subfield>
      <marc:subfield code="2">rdacontent</marc:subfield>
   </marc:datafield>
   <marc:datafield ind1=" " ind2=" " tag="337">
      <marc:subfield code="a">audio</marc:subfield>
      <marc:subfield code="b">s</marc:subfield>
      <marc:subfield code="2">rdamedia</marc:subfield>
   </marc:datafield>
   <marc:datafield ind1=" " ind2=" " tag="338">
      <marc:subfield code="a">Audiodisk</marc:subfield>
      <marc:subfield code="b">sd</marc:subfield>
      <marc:subfield code="2">rdacarrier</marc:subfield>
   </marc:datafield>
   <marc:datafield ind1="0" ind2=" " tag="490">
      <marc:subfield code="a">Argon-Hörbuch</marc:subfield>
   </marc:datafield>
   <marc:datafield ind1=" " ind2="7" tag="650">
      <marc:subfield code="0">(DE-588)4162897-4</marc:subfield>
      <marc:subfield code="0">http://d-nb.info/gnd/4162897-4</marc:subfield>
      <marc:subfield code="0">(DE-101)041628977</marc:subfield>
      <marc:subfield code="a">Junge Frau</marc:subfield>
      <marc:subfield code="2">gnd</marc:subfield>
   </marc:datafield>
   <marc:datafield ind1=" " ind2="7" tag="650">
      <marc:subfield code="0">(DE-588)4515325-5</marc:subfield>
      <marc:subfield code="0">http://d-nb.info/gnd/4515325-5</marc:subfield>
      <marc:subfield code="0">(DE-101)954609093</marc:subfield>
      <marc:subfield code="a">Familientragödie</marc:subfield>
      <marc:subfield code="2">gnd</marc:subfield>
   </marc:datafield>
   <marc:datafield ind1=" " ind2="7" tag="650">
      <marc:subfield code="0">(DE-588)4058900-6</marc:subfield>
      <marc:subfield code="0">http://d-nb.info/gnd/4058900-6</marc:subfield>
      <marc:subfield code="0">(DE-101)040589005</marc:subfield>
      <marc:subfield code="a">Tagebuch</marc:subfield>
      <marc:subfield code="2">gnd</marc:subfield>
   </marc:datafield>
   <marc:datafield ind1=" " ind2="7" tag="650">
      <marc:subfield code="0">(DE-588)4068097-6</marc:subfield>
      <marc:subfield code="0">http://d-nb.info/gnd/4068097-6</marc:subfield>
      <marc:subfield code="0">(DE-101)040680975</marc:subfield>
      <marc:subfield code="a">Zukunft</marc:subfield>
      <marc:subfield code="2">gnd</marc:subfield>
   </marc:datafield>
   <marc:datafield ind1=" " ind2="7" tag="651">
      <marc:subfield code="0">(DE-588)4027667-3</marc:subfield>
      <marc:subfield code="0">http://d-nb.info/gnd/4027667-3</marc:subfield>
      <marc:subfield code="0">(DE-101)040276678</marc:subfield>
      <marc:subfield code="a">Irland</marc:subfield>
      <marc:subfield code="2">gnd</marc:subfield>
   </marc:datafield>
   <marc:datafield ind1=" " ind2=" " tag="653">
      <marc:subfield code="a">(Produktform)CD-Audio</marc:subfield>
   </marc:datafield>
   <marc:datafield ind1=" " ind2=" " tag="653">
      <marc:subfield code="a">(VLB-Produktgruppen)SD400</marc:subfield>
   </marc:datafield>
   <marc:datafield ind1=" " ind2="7" tag="655">
      <marc:subfield code="0">(DE-588)4522869-3</marc:subfield>
      <marc:subfield code="0">http://d-nb.info/gnd/4522869-3</marc:subfield>
      <marc:subfield code="0">(DE-101)955174880</marc:subfield>
      <marc:subfield code="a">CD</marc:subfield>
      <marc:subfield code="2">gnd-carrier</marc:subfield>
   </marc:datafield>
   <marc:datafield ind1=" " ind2="7" tag="655">
      <marc:subfield code="0">(DE-588)1071854844</marc:subfield>
      <marc:subfield code="0">http://d-nb.info/gnd/1071854844</marc:subfield>
      <marc:subfield code="0">(DE-101)1071854844</marc:subfield>
      <marc:subfield code="a">Fiktionale Darstellung</marc:subfield>
      <marc:subfield code="2">gnd-content</marc:subfield>
   </marc:datafield>
   <marc:datafield ind1=" " ind2="7" tag="655">
      <marc:subfield code="a">Belletristische Darstellung</marc:subfield>
      <marc:subfield code="2">gnd</marc:subfield>
   </marc:datafield>
   <marc:datafield ind1=" " ind2="7" tag="655">
      <marc:subfield code="a">CD</marc:subfield>
      <marc:subfield code="2">gnd</marc:subfield>
   </marc:datafield>
   <marc:datafield ind1="0" ind2="0" tag="689">
      <marc:subfield code="0">(DE-588)4027667-3</marc:subfield>
      <marc:subfield code="0">http://d-nb.info/gnd/4027667-3</marc:subfield>
      <marc:subfield code="0">(DE-101)040276678</marc:subfield>
      <marc:subfield code="D">g</marc:subfield>
      <marc:subfield code="a">Irland</marc:subfield>
   </marc:datafield>
   <marc:datafield ind1="0" ind2="1" tag="689">
      <marc:subfield code="0">(DE-588)4162897-4</marc:subfield>
      <marc:subfield code="0">http://d-nb.info/gnd/4162897-4</marc:subfield>
      <marc:subfield code="0">(DE-101)041628977</marc:subfield>
      <marc:subfield code="D">s</marc:subfield>
      <marc:subfield code="a">Junge Frau</marc:subfield>
   </marc:datafield>
   <marc:datafield ind1="0" ind2="2" tag="689">
      <marc:subfield code="0">(DE-588)4515325-5</marc:subfield>
      <marc:subfield code="0">http://d-nb.info/gnd/4515325-5</marc:subfield>
      <marc:subfield code="0">(DE-101)954609093</marc:subfield>
      <marc:subfield code="D">s</marc:subfield>
      <marc:subfield code="a">Familientragödie</marc:subfield>
   </marc:datafield>
   <marc:datafield ind1="0" ind2="3" tag="689">
      <marc:subfield code="0">(DE-588)4058900-6</marc:subfield>
      <marc:subfield code="0">http://d-nb.info/gnd/4058900-6</marc:subfield>
      <marc:subfield code="0">(DE-101)040589005</marc:subfield>
      <marc:subfield code="D">s</marc:subfield>
      <marc:subfield code="a">Tagebuch</marc:subfield>
   </marc:datafield>
   <marc:datafield ind1="0" ind2="4" tag="689">
      <marc:subfield code="0">(DE-588)4068097-6</marc:subfield>
      <marc:subfield code="0">http://d-nb.info/gnd/4068097-6</marc:subfield>
      <marc:subfield code="0">(DE-101)040680975</marc:subfield>
      <marc:subfield code="D">s</marc:subfield>
      <marc:subfield code="a">Zukunft</marc:subfield>
   </marc:datafield>
   <marc:datafield ind1="0" ind2="5" tag="689">
      <marc:subfield code="A">f</marc:subfield>
      <marc:subfield code="a">Belletristische Darstellung</marc:subfield>
   </marc:datafield>
   <marc:datafield ind1="0" ind2="6" tag="689">
      <marc:subfield code="A">f</marc:subfield>
      <marc:subfield code="a">CD</marc:subfield>
   </marc:datafield>
   <marc:datafield ind1="0" ind2=" " tag="689">
      <marc:subfield code="5">DE-101</marc:subfield>
      <marc:subfield code="5">DE-101</marc:subfield>
   </marc:datafield>
   <marc:datafield ind1="1" ind2=" " tag="700">
      <marc:subfield code="0">(DE-588)128795972</marc:subfield>
      <marc:subfield code="0">http://d-nb.info/gnd/128795972</marc:subfield>
      <marc:subfield code="0">(DE-101)128795972</marc:subfield>
      <marc:subfield code="a">Ahern, Cecelia</marc:subfield>
      <marc:subfield code="d">1981-</marc:subfield>
      <marc:subfield code="e">Mitwirkender</marc:subfield>
      <marc:subfield code="4">ctb</marc:subfield>
   </marc:datafield>
   <marc:datafield ind1="1" ind2=" " tag="700">
      <marc:subfield code="0">(DE-588)131810022</marc:subfield>
      <marc:subfield code="0">http://d-nb.info/gnd/131810022</marc:subfield>
      <marc:subfield code="0">(DE-101)131810022</marc:subfield>
      <marc:subfield code="a">Preuß, Josefine</marc:subfield>
      <marc:subfield code="d">1986-</marc:subfield>
      <marc:subfield code="e">Mitwirkender</marc:subfield>
      <marc:subfield code="4">ctb</marc:subfield>
   </marc:datafield>
   <marc:datafield ind1="1" ind2=" " tag="700">
      <marc:subfield code="0">(DE-588)132835207</marc:subfield>
      <marc:subfield code="0">http://d-nb.info/gnd/132835207</marc:subfield>
      <marc:subfield code="0">(DE-101)132835207</marc:subfield>
      <marc:subfield code="a">Strüh, Christine</marc:subfield>
      <marc:subfield code="e">Mitwirkender</marc:subfield>
      <marc:subfield code="4">ctb</marc:subfield>
   </marc:datafield>
   <marc:datafield ind1="1" ind2=" " tag="700">
      <marc:subfield code="0">(DE-588)1047417219</marc:subfield>
      <marc:subfield code="0">http://d-nb.info/gnd/1047417219</marc:subfield>
      <marc:subfield code="0">(DE-101)1047417219</marc:subfield>
      <marc:subfield code="a">Teichmann, Vera</marc:subfield>
      <marc:subfield code="e">Mitwirkender</marc:subfield>
      <marc:subfield code="4">ctb</marc:subfield>
   </marc:datafield>
   <marc:datafield ind1="0" ind2="2" tag="730">
      <marc:subfield code="a">&#x98;The&#x9c; book of tomorrow</marc:subfield>
      <marc:subfield code="g">dt.</marc:subfield>
   </marc:datafield>
   <marc:datafield ind1=" " ind2=" " tag="850">
      <marc:subfield code="a">DE-101a</marc:subfield>
      <marc:subfield code="a">DE-101b</marc:subfield>
   </marc:datafield>
   <marc:datafield ind1="4" ind2="2" tag="856">
      <marc:subfield code="m">X:MVB</marc:subfield>
      <marc:subfield code="q">text/html</marc:subfield>
      <marc:subfield code="u">http://deposit.dnb.de/cgi-bin/dokserv?id=3798652&amp;prov=M&amp;dok_var=1&amp;dok_ext=htm</marc:subfield>
      <marc:subfield code="3">Inhaltstext</marc:subfield>
   </marc:datafield>
   <marc:datafield ind1="r" ind2=" " tag="925">
      <marc:subfield code="a">ra</marc:subfield>
   </marc:datafield>
</marc:record>
